Day Morris Associates v Voyce and another (Record no. 72381)
[ view plain ]
| 000 -LEADER | |
|---|---|
| fixed length control field | 01975cam a2200253 4500 |
| 001 - CONTROL NUMBER | |
| control field | ABS66554 |
| 008 - FIXED-LENGTH DATA ELEMENTS--GENERAL INFORMATION | |
| fixed length control field | 030331n2003 000 0 eng u |
| 035 ## - SYSTEM CONTROL NUMBER | |
| System control number | (Sirsi) u121789 |
| 245 ## - TITLE STATEMENT | |
| Title | Day Morris Associates v Voyce and another |
| 260 ## - PUBLICATION, DISTRIBUTION, ETC. | |
| Date of publication, distribution, etc. | 2003 |
| 490 ## - SERIES STATEMENT | |
| Series statement | Estates Gazette Case Summaries |
| Volume/sequential designation | [2003] 12 EG 129 (CS) |
| 520 ## - SUMMARY, ETC. | |
| Summary, etc. | [2003] EWCA Civil 189, 26 February 2003. The respondent couple (V) was divorcing and the appellant estate agents (D) were asked by the wife to advise on the disposal of the matrimonial home. The wife failed to return a signed copy of D's letter confirming the instructions to sell. D introduced a purchaser (L) to the husband who as a result of ancillary relief proceedings had been given sole conduct of the sale. The husband sold the property to L directly after his wife had instructed D to cease marketing the property because her husband intended to re-mortgage it. D appealed afterproceedings to claim commission from V were dismissed because the sale to L was not by the wife in the sense of it being within her power and choice. "Held" appeal allowed. Although the wife had not signed D's instructions' letter, she had accepted it by her conduct and there could be no reservation constructed to the effect that the wife had to have control of the sale before commission became payable. She had therefore to pay commission to D and was to be indemnified by the husband. View judgment at www.bailii.org. |
| 590 ## - LOCAL NOTE (RLIN) | |
| Local note | ABS |
| 650 ## - SUBJECT ADDED ENTRY--TOPICAL TERM | |
| Topical term or geographic name entry element | ESTATE AGENTS ACT 1979 S18 |
| 650 ## - SUBJECT ADDED ENTRY--TOPICAL TERM | |
| Topical term or geographic name entry element | INSTRUCTIONS |
| 650 ## - SUBJECT ADDED ENTRY--TOPICAL TERM | |
| Topical term or geographic name entry element | DAY MORRIS ASSOCIATES V VOYCE AND ANOTHER |
| 650 ## - SUBJECT ADDED ENTRY--TOPICAL TERM | |
| Topical term or geographic name entry element | ESTATE AGENTS |
| 650 ## - SUBJECT ADDED ENTRY--TOPICAL TERM | |
| Topical term or geographic name entry element | COMMISSION |
| 650 ## - SUBJECT ADDED ENTRY--TOPICAL TERM | |
| Topical term or geographic name entry element | CONFIRMATION OF INSTRUCTIONS IN WRITING |
| 650 ## - SUBJECT ADDED ENTRY--TOPICAL TERM | |
| Topical term or geographic name entry element | JOINT OWNERS |
| 690 ## - LOCAL SUBJECT ADDED ENTRY--TOPICAL TERM (OCLC, RLIN) | |
| Topical term or geographic name as entry element | PROPERTY AND LAND LAW-AGENCY-RESIDENTIAL-CASE LAW |
| 856 ## - ELECTRONIC LOCATION AND ACCESS | |
| Uniform Resource Identifier | <a href="https://www.bailii.org/cgi-bin/markup.cgi?doc=/ew/cases/EWCA/Civ/2003/189.html&query=Day Morris Associates">https://www.bailii.org/cgi-bin/markup.cgi?doc=/ew/cases/EWCA/Civ/2003/189.html&query=Day Morris Associates</a> |
| Public note | View judgment on the BAILII website... |
| 942 ## - ADDED ENTRY ELEMENTS (KOHA) | |
| Suppress in OPAC | 0 |
| Withdrawn status | Lost status | Source of classification or shelving scheme | Damaged status | Not for loan | Home library | Current library | Shelving location | Date acquired | Total Checkouts | Full call number | Barcode | Date last seen | Copy number | Price effective from | Koha item type |
|---|---|---|---|---|---|---|---|---|---|---|---|---|---|---|---|
| Dewey Decimal Classification | London | London | Journal article | 31/03/2003 | ABS66554 | 121789-1001 | 06/08/2019 | 1 | 06/08/2019 | Law report |